5HLuxD.jpg

KING HENRY VIII SENIOR AND PRIMARY SCHOOL LIBRARY OPAC

CASTLES (Record no. 4394)

000 -LEADER
fixed length control field 00248nam a22001097a 4500
008 - FIXED-LENGTH DATA ELEMENTS--GENERAL INFORMATION
fixed length control field 250214b ||||| |||| 00| 0 eng d
020 ## - INTERNATIONAL STANDARD BOOK NUMBER
International Standard Book Number 9781465481535
082 ## - DEWEY DECIMAL CLASSIFICATION NUMBER
Classification number 728.81
245 ## - TITLE STATEMENT
Title CASTLES
260 ## - PUBLICATION, DISTRIBUTION, ETC.
Place of publication, distribution, etc. UNITED STATES
Name of publisher, distributor, etc. DK PUBLISHING
942 ## - ADDED ENTRY ELEMENTS (KOHA)
Source of classification or shelving scheme
Holdings
Withdrawn status Lost status Source of classification or shelving scheme Damaged status Not for loan Collection code Permanent Location Current Location Shelving location Date acquired Full call number Barcode Date last seen Price effective from Koha item type Public note
          Non-Fiction KH8 Primary School Library KH8 Primary School Library Non Fiction 2025-02-14 728.81 STE KHPL000006129 2025-12-05 2025-02-14 Books - Non Ficton KH8 PRIMARY LIBRARY

Powered By KH8 IT Dept